000 01627nam a22002777a 4500
005 20170608110958.0
008 130808s2002 xxu g 000 0 eng
040 _aCO-BoUCM
_cAngélica Rojas (modificó)
_dAldemar Mondragón
_bspa
092 _aDVD 1277
245 0 0 _aMinority report
_h[DVD]
_cSteven Spielberg, director
260 _a[Washington]
_b20th Century Fox
_c2002
300 _a1 disco (144 min.)
_bsonido, color
500 _aSIPNOSIS: Washington DC, año 2054. La policía utiliza tecnología psíquica para arrestar y enjuiciar a los asesinos antes de que cometan un crimen. El futuro se puede predecir y los culpables son detenidos por la unidad de élite Precrime antes de que puedan delinquir. Las pruebas se basan en los "precogs", tres seres psíquicos cuyas visiones sobre los asesinatos nunca han fallado
508 _aCREDITOS: Guión Scott Frank & Jon Cohen (Historia: Philip K. Dick) ; Música John Williams ; Fotografía Janusz Kaminski
511 _aREPARTO: Tom Cruise, Colin Farrell, Samantha Morton, Max Von Sydow, Tim Blake Nelson, Kathryn Morris, Peter Stormare, Steve Harris, Neal McDonough, Patrick Kilpatrick, Jessica Capshaw, Meredith Monroe
650 7 _aDelitos
_vDvd
_942300
650 7 _aPelículas cinematográficas
_vDvd
_97903
650 7 _aPolicia
_vDvd
_942301
690 _aEntretenimiento
700 1 _aCruise, Tom
_942292
700 1 _aSpielberg, Steven
_edirector
_942291
856 _uhttp://www.minorityreport.com
856 0 4 _uhttp://www.youtube.com/watch?v=q2bmImPNKbM
_zSiga este vínculo para ver el trailer.
942 _cMULTIMEDIA
_2LOCAL
_a11
_e1
041 _aeng
999 _c167554
_d167554